000 00879nam a2200277 i 4500
001 000016966
003 DO-SdBNP
005 20240314101546.0
007 ta
008 100312s2000 dr d 000 0 spa d
040 _aDO-SdBNP
_bspa
_cBNPHU
_erda
049 _aBNPD
082 4 _bR426
_222
110 1 _aRepública Dominicana
_bDirección General de Educación Media
_937498
245 1 0 _aEducación Media :
_bgestión educativa 1996-2000
264 _aSanto Domingo :
_bSecretaría de Estado de Educación y Cultura
_c2000.
300 _a76 páginas :
_bilustraciones ;
_c29 cm.
336 _2rdacontent
_atexto
_btxt
337 _2rdamedia
_asin mediación
_bnc
338 _2rdacarrier
_avolumen
_bn
490 _aGestión Educativa
_v10
500 _aIncluye notas al pie de las páginas
590 _aInventariado, 2023/BT
910 _aBtavárez
942 _2ddc
_cLBS1
999 _c16498
_d16498